LA FAMIGLIA. MARZO APRILE 1997. PROBLEMI FAMILIARI. (Record n. 332293)

Dettagli MARC
000 -LEADER
fixed length control field 01426nas a2200277Ia 4500
001 - CONTROL NUMBER
control field R050-S3707
003 - CONTROL NUMBER IDENTIFIER
control field IT-CnALBA
008 - FIXED-LENGTH DATA ELEMENTS--GENERAL INFORMATION
fixed length control field 170116c99999999xx |||||||||||| ||und||
040 ## - CATALOGING SOURCE
Original cataloging agency IT-CnALBA
Transcribing agency IT-CnALBA
041 ## - LANGUAGE CODE
Language code of text/sound track or separate title ITALIANO
999 ## - SYSTEM CONTROL NUMBERS (KOHA)
Koha Dewey Subclass [OBSOLETE] NO
100 ## - MAIN ENTRY--PERSONAL NAME
Personal name CATTANEO MARIO
210 ## - ABBREVIATED TITLE
Abbreviated title LA FAMIGLIA
222 ## - KEY TITLE
Key title LA FAMIGLIA
245 #0 - TITLE STATEMENT
Title LA FAMIGLIA. MARZO APRILE 1997. PROBLEMI FAMILIARI.
250 ## - EDITION STATEMENT
Edition statement 1a ed.
260 ## - PUBLICATION, DISTRIBUTION, ETC. (IMPRINT)
Place of publication, distribution, etc. BRESCIA
Name of publisher, distributor, etc. LA SCUOLA, SOCIETÀ EDITRICE
Date of publication, distribution, etc. 1997 [1° Ed.:1997 - Ed.Ling.Originale: 1997]
300 ## - PHYSICAL DESCRIPTION
Extent 96 p.
310 ## - CURRENT PUBLICATION FREQUENCY
Current publication frequency BIMESTRALE
362 ## - DATES OF PUBLICATION AND/OR SEQUENTIAL DESIGNATION
Dates of publication and/or sequential designation Fascicolo: 182 / Anno: 31 (1997)
500 ## - GENERAL NOTE
General note LA FAMIGLIA. ONORE ALLA VERITÀ. VITA CONIUGALE E VOCAZIONE ALLA SANTITÀ. RAPPORTI INTERGENERAZIONALI COME PROBLEMA POLITICO. VIOLENZA SUI E DEI BAMBINI. EDUCAZIONE DEI GENITORI, ASSOCIAZIONI FAMILIARI A CONFRONTO. CAMPANINI G. PAZÈ P. C. CONSULENTE FAMILIARE. DA STRASBURGO, ADOZIONE E TUTELA MINORI.
501 ## - WITH NOTE
With note Società San Paolo EM - Piazza San Paolo, 14 - 12051 ALBA (CN) (non commercial uses only) ® Copyright 2017
520 ## - SUMMARY, ETC.
Summary, etc. LA FAMIGLIA. ONORE ALLA VERITÀ. VITA CONIUGALE E VOCAZIONE ALLA SANTITÀ. RAPPORTI INTERGENERAZIONALI COME PROBLEMA POLITICO. VIOLENZA SUI E DEI BAMBINI. EDUCAZIONE DEI GENITORI, ASSOCIAZIONI FAMILIARI A CONFRONTO. CAMPANINI G. PAZÈ P. C. CONSULENTE FAMILIARE. DA STRASBURGO, ADOZIONE E TUTELA MINORI.
650 ## - SUBJECT ADDED ENTRY--TOPICAL TERM
Topical term or geographic name as entry element FAMIGLIA
942 ## - ADDED ENTRY ELEMENTS (KOHA)
Koha item type RIVISTA
957 ## -
-- 1
999 ## - SYSTEM CONTROL NUMBERS (KOHA)
-- 1
Dati di copia
Withdrawn status Lost status Damaged status Not for loan Home library Current library Date acquired Total Checkouts Full call number Date last seen Price effective from Koha item type Public note
    Buone Condizioni Not For Loan ALBA - Biblioteca ALBA - Biblioteca 16/01/2017   R050-S3707 16/01/2017 16/01/2017 RIVISTA (data import: 16 gennaio 2017) - By Epidotti, Vaglietti.
CREDITS: SOCIETA' SAN PAOLO Via A.Severo, 58 - ROMA (RM) & PERIODICI SAN PAOLO SRL Via Giotto, 36 MILANO & CISF Via Giotto, 36 MILANO & EDIZIONI SAN PAOLO SRL,  Piazza Soncino, 5 CINISELLO BALSAMO (MI) -- ITALY